MARC

LEADER 00000nam0a2200000 4500
001 181590
005 20231031171119.0
035 |a (RuTPU)RU\TPU\book\196853 
090 |a 181590 
100 |a 20100608d1971 m y0rusy50 ca 
101 0 |a rus 
102 |a RU 
105 |a a z 001zy 
200 1 |a Системы центрального отопления жилых зданий  |f С. А. Чистович  |g Академия коммунального хозяйства им. К. Д. Памфилова (АКХ), Ленинградский научно-исследовательский институт (ЛНИИ) 
210 |a Ленинград  |c Изд-во литературы по строительству, архитектуре и строительным материалам  |d 1971 
215 |a 73 с.  |c ил. 
225 1 |a Библиотека инженера-эксплуатационника жилого фонда 
300 |a На обл. авт. не указан 
320 |a Библиогр.: с. 72. 
610 1 |a жилищное хозяйство 
610 1 |a центральное отопление 
610 1 |a жилые здания 
610 1 |a водяное отопление 
610 1 |a тепловые пункты 
610 1 |a нагревательные приборы 
610 1 |a автоматизация 
610 1 |a режимы работы 
610 1 |a эксплуатация 
610 1 |a ремонт 
675 |a 624.97.13  |v 3 
700 1 |a Чистович  |b С. А.  |g Сергей Андреевич 
712 0 2 |a Академия коммунального хозяйства им. К. Д. Памфилова (АКХ)  |b Ленинградский научно-исследовательский институт (ЛНИИ)  |c (1951-?)  |2 stltpush  |3 (RuTPU)RU\TPU\col\14907 
801 1 |a RU  |b 63413507  |c 20100608 
801 2 |a RU  |b 63413507  |c 20110217  |g RCR 
942 |c BK